| 000 | 00387nam a2200145Ia 4500 | ||
|---|---|---|---|
| 008 | 150201s2010 xx 000 0 und d | ||
| 082 |
_a617.6342 _bO2010S |
||
| 100 | _aSIKRI, VIMAL | ||
| 245 | _aOPERATIVE DENTISTRY | ||
| 250 | _a2ND | ||
| 260 |
_bC.B.S PUBLISHERS & DISTRIBUTERS _aDELHI _c2010 |
||
| 300 | _a1-628 | ||
| 650 | _aCONSERVATIVE DENTISTRY & ENDODONTICS | ||
| 942 |
_2ddc _cBK _03 |
||
| 999 |
_c4521 _d4521 |
||